República Dominicana : (Record no. 42519)
[ view plain ]
| 000 -CABECERA | |
|---|---|
| campo de control de longitud fija | 00580nam a2200145 a 4500 |
| 001 - NÚMERO DE CONTROL | |
| campo de control | 000043030 |
| 005 - FECHA Y HORA DE LA ÚLTIMA TRANSACCIÓN | |
| campo de control | 20201002040603.0 |
| 008 - DATOS DE LONGITUD FIJA--INFORMACIÓN GENERAL | |
| campo de control de longitud fija | 110415s2003 dr ac 000 0 spa d |
| 040 ## - FUENTE DE LA CATALOGACIÓN | |
| Centro catalogador/agencia de origen | DO-SdBNP |
| Lengua de catalogación | spa |
| Centro/agencia transcriptor | BNPHU |
| 082 ## - NÚMERO DE LA CLASIFICACIÓN DECIMAL DEWEY | |
| Número de clasificación | xxx |
| Número de documento/Ítem | C748j |
| 111 1# - ENTRADA PRINCIPAL--NOMBRE DE CONGRESO/REUNIÓN | |
| Nombre de congreso/reunión o jurisdicción como elemento de entrada | XII conferencia de primeras damas, esposas y representantes de jefes de estado y de gobierno de las Américas |
| Número del congreso/reunión o número de parte o sección | (12a, 15-16 octubre |
| Fecha del congreso/reunión | 2003 |
| Sede del congreso/Lugar de la reunión | Santo Domingo) |
| 9 (RLIN) | 70558 |
| 245 10 - MENCIÓN DE TÍTULO | |
| Título | República Dominicana : |
| Resto del título | comprometida con la juventud. |
| 260 ## - PUBLICACIÓN, DISTRIBUCIÓN, ETC. | |
| Lugar de publicación, distribución, etc. | Santo Domingo : |
| Nombre del editor, distribuidor, etc. | Despacho de la Primera Dama, |
| Fecha de publicación, distribución, etc. | 2003. |
| 300 ## - DESCRIPCIÓN FÍSICA | |
| Extensión | 96 p. : |
| Otras características físicas | retr. ; |
| Dimensiones | 28 cm. |
| Estado de retiro | Estado de pérdida | No para préstamo | Código de colección | Localización permanente | Ubicación/localización actual | Ubicación en estantería | Fecha de adquisición | Número de inventario | Total de préstamos | Signatura topográfica completa | Código de barras | Fecha visto por última vez | Precio válido a partir de | Tipo de ítem Koha |
|---|---|---|---|---|---|---|---|---|---|---|---|---|---|---|
| Excluido de préstamo | Patrimonio Dominicano | General | General | En catalogación | 18.02.2014 | LF1 | xxx C748j | 43030-10 | 25.06.2020 | 25.06.2020 | Libro y Folleto Colección Patrimonio Dominicano | |||
| Patrimonio Dominicano | General | General | Orden iniciada | 18.02.2014 | LF1 | xxx C748j | 43031-10 | 25.06.2020 | 25.06.2020 | Libro y Folleto Colección Patrimonio Dominicano |
